[Event "Mittelfrank Regionalliga Nord-West 2122"]
[Site "Mittelfranken"]
[Date "2022.05.08"]
[Round "8.2"]
[White "Stauch, Edgar"]
[Black "Haasner, Tom"]
[Result "1/2-1/2"]
[WhiteElo "2051"]
[BlackElo "1972"]
[PlyCount "33"]
[EventDate "2021.10.24"]
[EventType "team-tourn"]
[EventRounds "9"]
[EventCountry "GER"]
[SourceTitle "EXT 2024"]
[Source "ChessBase"]
[SourceDate "2023.10.10"]
[SourceVersion "1"]
[SourceVersionDate "2023.10.10"]
[SourceQuality "1"]
[WhiteTeam "Kronach"]
[BlackTeam "Rottendorf"]
[WhiteTeamCountry "GER"]
[BlackTeamCountry "GER"]

1. c4 c5 2. g3 Nc6 3. Bg2 g6 4. Nc3 Bg7 5. Nf3 e6 6. d3 Nge7 7. 0-0 0-0 8. Bg5 h6 9. Bd2 d5 10. Qc1 Kh7 11. Rb1 b6 12. a3 Bb7 13. Rd1 Nd4 14. b4 Qd7 15. bxc5 Nxf3+ 16. Bxf3 d4 17. c6 1/2-1/2

[Event "Regionalliga Nord-West 1819"]
[Site "Bayern"]
[Date "2018.10.21"]
[Round "1.4"]
[White "Lechleitner, Walter"]
[Black "Haasner, Tom"]
[Result "1-0"]
[WhiteElo "1913"]
[BlackElo "1910"]
[PlyCount "51"]
[EventDate "2018.10.21"]
[EventType "team-tourn"]
[EventRounds "9"]
[EventCountry "GER"]
[SourceTitle "EXT 2022"]
[Source "ChessBase"]
[SourceDate "2021.10.06"]
[SourceVersion "1"]
[SourceVersionDate "2021.10.06"]
[SourceQuality "1"]
[WhiteTeam "Kronach"]
[BlackTeam "Rottendorf"]
[WhiteTeamCountry "GER"]
[BlackTeamCountry "GER"]

1. d4 Nf6 2. c4 c5 3. d5 b5 4. Nf3 g6 5. cxb5 a6 6. b6 Bg7 7. Nc3 0-0 8. e4 d6 9. Be2 Nbd7 10. 0-0 Nxb6 11. Bg5 Qc7 12. Qd2 Ng4 13. Rac1 Re8 14. Bf4 Nd7 15. Na4 Nb6 16. Nxc5 Qd8 17. Nb3 Na4 18. Nfd4 Qb6 19. Rxc8 Raxc8 20. Bxg4 Rc4 21. Be3 Nc5 22. Nxc5 dxc5 23. Nb3 f5 24. Be2 Rxe4 25. Nxc5 Rh4 26. g3 1-0

[Event "Regionalliga Nord-West 1718"]
[Site "Bayern"]
[Date "2018.02.25"]
[Round "7.4"]
[White "Reissner, Andreas"]
[Black "Haasner, Tom"]
[Result "1/2-1/2"]
[WhiteElo "1999"]
[BlackElo "1925"]
[PlyCount "49"]
[EventDate "2017.10.22"]
[EventType "team-tourn"]
[EventRounds "9"]
[EventCountry "GER"]
[SourceTitle "EXT 2022"]
[Source "ChessBase"]
[SourceDate "2021.10.06"]
[SourceVersion "1"]
[SourceVersionDate "2021.10.06"]
[SourceQuality "1"]
[WhiteTeam "Marktleuthen"]
[BlackTeam "Rottendorf"]
[WhiteTeamCountry "GER"]
[BlackTeamCountry "GER"]

1. e4 c5 2. Nf3 Nc6 3. d4 cxd4 4. Nxd4 Qb6 5. Nb3 Nf6 6. Nc3 e6 7. Be3 Qc7 8. a3 Be7 9. g4 d6 10. g5 Nd7 11. f4 a6 12. Qh5 b5 13. Rg1 g6 14. Qd1 Nb6 15. Nd4 0-0 16. Rg3 d5 17. e5 b4 18. Nxc6 Qxc6 19. axb4 Bxb4 20. Qd4 Nc4 21. Bxc4 Qxc4 22. Qxc4 dxc4 23. Ke2 Bxc3 24. bxc3 Bb7 25. Bc5 1/2-1/2

[Event "Regionalliga Nord-West 1718"]
[Site "Bayern"]
[Date "2017.12.10"]
[Round "4.4"]
[White "Weck, Hans"]
[Black "Haasner, Tom"]
[Result "1/2-1/2"]
[WhiteElo "1922"]
[BlackElo "1925"]
[PlyCount "50"]
[EventDate "2017.10.22"]
[EventType "team-tourn"]
[EventRounds "9"]
[EventCountry "GER"]
[SourceTitle "EXT 2022"]
[Source "ChessBase"]
[SourceDate "2021.10.06"]
[SourceVersion "1"]
[SourceVersionDate "2021.10.06"]
[SourceQuality "1"]
[WhiteTeam "Bad Neustadt"]
[BlackTeam "Rottendorf"]
[WhiteTeamCountry "GER"]
[BlackTeamCountry "GER"]

1. Nf3 Nf6 2. g3 d5 3. Bg2 c5 4. 0-0 Nc6 5. d3 e5 6. Nbd2 Be7 7. e4 0-0 8. Re1 d4 9. Nc4 Qc7 10. a4 Be6 11. Bg5 h6 12. Bd2 Rad8 13. Qe2 b6 14. Nh4 Qd7 15. Nf5 Bxc4 16. dxc4 d3 17. cxd3 Qxd3 18. Bc3 Qxe2 19. Rxe2 Rfe8 20. f4 Nd4 21. Rd2 Nd7 22. Rad1 Bf6 23. Ne3 Nb8 24. Nd5 Nbc6 25. Kf2 Rd6 1/2-1/2

[Event "Regionalliga NW 1617"]
[Site "Bayern"]
[Date "2017.04.30"]
[Round "9.6"]
[White "Haasner, Tom"]
[Black "Von Lossow, Marcus"]
[Result "1/2-1/2"]
[WhiteElo "1921"]
[BlackElo "1735"]
[PlyCount "47"]
[EventDate "2016.10.16"]
[EventType "team-tourn"]
[EventRounds "9"]
[EventCountry "GER"]
[SourceTitle "EXT 2019"]
[Source "ChessBase"]
[SourceDate "2018.10.10"]
[SourceVersion "1"]
[SourceVersionDate "2018.10.10"]
[SourceQuality "1"]
[WhiteTeam "Rottendorf"]
[BlackTeam "Hof PTSV"]
[WhiteTeamCountry "GER"]
[BlackTeamCountry "GER"]

1. d4 d5 2. c4 c6 3. Nc3 Nf6 4. cxd5 cxd5 5. Bf4 e6 6. e3 Bd6 7. Bxd6 Qxd6 8. Nf3 0-0 9. Be2 b6 10. 0-0 Ba6 11. Rc1 Bxe2 12. Qxe2 a6 13. Ne5 Nbd7 14. Nxd7 Nxd7 15. Rc2 Rfc8 16. Rfc1 b5 17. a3 Nb6 18. Na2 Qd7 19. Nb4 Rxc2 20. Qxc2 Rc8 21. Qd1 Rxc1 22. Qxc1 a5 23. Nd3 Qc8 24. Kf1 1/2-1/2

[Event "Regionalliga NW 1617"]
[Site "Bayern"]
[Date "2016.12.04"]
[Round "3.6"]
[White "Haasner, Tom"]
[Black "Lechleitner, Walter"]
[Result "0-1"]
[WhiteElo "1921"]
[BlackElo "1934"]
[PlyCount "69"]
[EventDate "2016.10.16"]
[EventType "team-tourn"]
[EventRounds "9"]
[EventCountry "GER"]
[SourceTitle "EXT 2019"]
[Source "ChessBase"]
[SourceDate "2018.10.10"]
[SourceVersion "1"]
[SourceVersionDate "2018.10.10"]
[SourceQuality "1"]
[WhiteTeam "Rottendorf"]
[BlackTeam "Kronach"]
[WhiteTeamCountry "GER"]
[BlackTeamCountry "GER"]

1. d4 e6 2. c4 Nf6 3. Nf3 d5 4. Nc3 a6 5. Bg5 c6 6. e3 Nbd7 7. Be2 dxc4 8. Bxc4 h6 9. Bh4 b5 10. Bb3 Bb7 11. Qe2 Qb6 12. Rd1 Bb4 13. 0-0 Bxc3 14. bxc3 Ne4 15. Qb2 0-0 16. Nd2 Nxd2 17. Rxd2 c5 18. Rfd1 c4 19. Bc2 Nf6 20. Bxf6 gxf6 21. Rb1 f5 22. Qc1 Kh7 23. f3 Rg8 24. Kf1 Qc7 25. f4 Qc6 26. d5 Qc5 27. dxe6 fxe6 28. Rd7+ Kh8 29. e4 Rxg2 30. Kxg2 Rg8+ 31. Kh3 fxe4 32. Bd1 Bc8 33. Qd2 Qf5+ 34. Kh4 e5 35. Bh5 0-1

[Event "Forchheim op-A 14th"]
[Site "Forchheim"]
[Date "2015.10.04"]
[Round "5"]
[White "Haasner, Tom"]
[Black "Walter, Florian"]
[Result "0-1"]
[WhiteElo "1942"]
[BlackElo "2160"]
[PlyCount "80"]
[EventDate "2015.10.02"]
[EventType "swiss"]
[EventRounds "5"]
[EventCountry "GER"]
[SourceTitle "EXT 2019"]
[Source "ChessBase"]
[SourceDate "2018.10.10"]
[SourceVersion "1"]
[SourceVersionDate "2018.10.10"]
[SourceQuality "1"]

1. d4 d5 2. c4 c6 3. Nf3 Nf6 4. Qc2 g6 5. Bf4 Bf5 6. Qb3 Qb6 7. c5 Qxb3 8. axb3 Na6 9. Nc3 Nh5 10. Bg3 Nb4 11. Kd2 Nxg3 12. hxg3 Bg7 13. Ra4 a5 14. e3 Kd7 15. Be2 Kc7 16. Na2 Nxa2 17. Rxa2 b6 18. b4 axb4 19. Rxa8 Rxa8 20. Rxh7 Bf6 21. cxb6+ Kxb6 22. Bd3 Be6 23. g4 c5 24. g5 Rh8 25. Rxh8 Bxh8 26. Bc2 Kb5 27. dxc5 Bxb2 28. Nd4+ Bxd4 29. exd4 Kc4 30. Ke3 Kc3 31. Bd3 b3 32. c6 Kb2 33. c7 Kc1 34. Kf4 b2 35. Ke5 b1Q 36. Bxb1 Kxb1 37. f4 Kc2 38. f5 Bxf5 39. Kxd5 Kd3 40. Ke5 Kc4 0-1

[Event "Dresden ZMDI Blitz"]
[Site "Dresden"]
[Date "2011.08.13"]
[Round "8"]
[White "Haasner, Tom"]
[Black "Torzinski, Nils"]
[Result "1/2-1/2"]
[WhiteElo "1678"]
[BlackElo "1647"]
[PlyCount "40"]
[EventDate "2011.08.06"]
[EventType "swiss (blitz)"]
[EventRounds "9"]
[EventCountry "GER"]
[SourceTitle "EXT 2022"]
[Source "ChessBase"]
[SourceDate "2021.10.06"]
[SourceVersion "1"]
[SourceVersionDate "2021.10.06"]
[SourceQuality "1"]

1. d4 d5 2. c4 e6 3. Nc3 Nf6 4. Bg5 Be7 5. e3 c6 6. Nf3 Nbd7 7. Rc1 0-0 8. a3 dxc4 9. Bxc4 b5 10. Be2 Bb7 11. 0-0 a6 12. Qc2 Rc8 13. Rfd1 c5 14. dxc5 Rxc5 15. b4 Rc8 16. Qb3 Ne4 17. Nxe4 Rxc1 18. Rxc1 Bxe4 19. Bxe7 Qxe7 20. Rc7 Qd6 1/2-1/2

[Event "Dresden ZMDI Blitz"]
[Site "Dresden"]
[Date "2011.08.08"]
[Round "3"]
[White "Noack, Mario"]
[Black "Haasner, Tom"]
[Result "1/2-1/2"]
[WhiteElo "1760"]
[BlackElo "1678"]
[PlyCount "69"]
[EventDate "2011.08.06"]
[EventType "swiss (blitz)"]
[EventRounds "9"]
[EventCountry "GER"]
[SourceTitle "EXT 2022"]
[Source "ChessBase"]
[SourceDate "2021.10.06"]
[SourceVersion "1"]
[SourceVersionDate "2021.10.06"]
[SourceQuality "1"]

1. d4 e6 2. c4 b6 3. Nc3 Bb7 4. Nf3 Bxf3 5. gxf3 c6 6. Bf4 Nf6 7. e3 Nh5 8. Bg3 Bb4 9. Qc2 Qe7 10. a3 Bxc3+ 11. Qxc3 d6 12. Bg2 Nd7 13. 0-0 0-0 14. Rfd1 Rac8 15. Rac1 Rfe8 16. b4 c5 17. dxc5 Nxg3 18. hxg3 dxc5 19. b5 Red8 20. f4 Qf6 21. Qc2 Nb8 22. Qa4 Rc7 23. Be4 g6 24. Kg2 Qe7 25. Rxd8+ Qxd8 26. Rd1 Rd7 27. Rxd7 Qxd7 28. g4 a5 29. Qc2 f5 30. Bf3 Kf8 31. Qc3 Qg7 32. Qd3 Qd7 33. Qc3 Qg7 34. Qc2 Qd7 35. Qc3 1/2-1/2